|
|
|
|
| LEADER |
00715nab a2200193 i 4500 |
| 001 |
tisza22374 |
| 005 |
20200331094802.0 |
| 008 |
170601s2015 hu o 0|| hun d |
| 022 |
|
|
|a 0133-1167
|
| 040 |
|
|
|a SZTE Tiszatáj Archívum
|b hun
|
| 041 |
|
|
|a hun
|
| 100 |
1 |
|
|a Sinkovicz László
|
| 245 |
1 |
0 |
|a Visszatérés
|h [elektronikus dokumentum] :
|b Sinkovicz László magánbeszélgetés Szilasi Lászlóval /
|c Sinkovicz László
|
| 260 |
|
|
|c 2015
|
| 300 |
|
|
|a 46-58
|
| 490 |
0 |
|
|a Tiszatáj
|v 69 No. 1
|
| 695 |
|
|
|a Szilasi László, Magyar irodalom - 20-21. sz. - interjú, Irodalomtudomány
|
| 700 |
0 |
1 |
|a Szilasi László
|
| 856 |
4 |
0 |
|u http://tiszataj.bibl.u-szeged.hu/22374/1/tiszataj_2015_001_046-058.pdf
|z Dokumentum-elérés
|